[Event "Moscow-ch"]
[Site "Moscow"]
[Date "2024.03.28"]
[Round "5"]
[White "Shogdzhiev, Roman Sav"]
[Black "Vorobiov, Evgeny E"]
[Result "0-1"]
[WhiteElo "1881"]
[BlackElo "2406"]
[PlyCount "100"]
[EventDate "2024.03.22"]
[EventType "swiss"]
[EventRounds "7"]
[EventCountry "RUS"]
[SourceTitle "CB15_2024"]
[SourceDate "2024.04.10"]
[SourceVersion "1"]
[SourceVersionDate "2024.04.10"]
[SourceQuality "1"]

1. e4 c6 2. d4 d5 3. Nc3 dxe4 4. Nxe4 Nf6 5. Nxf6+ exf6 6. Be3 Bd6 7. Bd3 Na6 8. a3 0-0 9. Ne2 Re8 10. 0-0 Nc7 11. c4 g6 12. Qd2 f5 13. Nc3 Qf6 14. c5 Bf8 15. Bf4 Ne6 16. Be5 Qd8 17. Rfe1 Nxd4 18. Rad1 Ne6 19. b4 Bg7 20. Bd6 Bd7 21. Bc4 Qh4 22. f4 Rad8 23. g3 Qh5 24. Ne2 Bc8 25. Kg2 Bf6 26. Ng1 Nd4 27. Rxe8+ Rxe8 28. Re1 Be6 29. Bxe6 Nxe6 30. Nf3 Qh6 31. Ne5 Qg7 32. a4 Bxe5 33. Rxe5 f6 34. Re1 Qf7 35. b5 Ng7 36. bxc6 Rxe1 37. Qxe1 bxc6 38. Qb4 Ne6 39. a5 a6 40. Kf2 g5 41. Qc4 Kg7 42. Ke3 gxf4+ 43. gxf4 Ng5 44. Qxa6 Qe6+ 45. Kf2 Nh3+ 46. Kg2 Qe4+ 47. Kf1 Qe3 48. Qb7+ Kg6 49. Kg2 Qg1+ 50. Kf3 Qf2# 0-1

[Event "Moscow-ch"]
[Site "Moscow"]
[Date "2024.03.25"]
[Round "2"]
[White "Vorobiov, Evgeny E"]
[Black "Pechnikov, Artiom"]
[Result "1-0"]
[WhiteElo "2406"]
[BlackElo "2171"]
[PlyCount "61"]
[EventDate "2024.03.22"]
[EventType "swiss"]
[EventRounds "7"]
[EventCountry "RUS"]
[SourceTitle "CB15_2024"]
[SourceDate "2024.04.10"]
[SourceVersion "1"]
[SourceVersionDate "2024.04.10"]
[SourceQuality "1"]

1. d4 Nf6 2. c4 e6 3. Nf3 c5 4. d5 d6 5. Nc3 exd5 6. cxd5 g6 7. Bg5 h6 8. Bh4 g5 9. Bg3 Nh5 10. e3 Nxg3 11. hxg3 Bg7 12. Bd3 0-0 13. Qc2 f5 14. 0-0 a6 15. e4 fxe4 16. Bxe4 b5 17. a4 bxa4 18. Rxa4 Nd7 19. Re1 Nb6 20. Ra2 Rb8 21. Nd1 Qf6 22. Ne3 Kh8 23. g4 Bb7 24. Rd1 Rbe8 25. Ra3 Qf4 26. Bf5 Rxe3 27. fxe3 Qc4 28. Rb3 Rxf5 29. Qxc4 Nxc4 30. gxf5 Na5 31. Rb6 1-0

[Event "Ufa Startsev Memorial Rapid"]
[Site "Ufa"]
[Date "2024.02.05"]
[Round "10"]
[White "Afanasiev, Nikita"]
[Black "Vorobiov, Evgeny E"]
[Result "1-0"]
[WhiteElo "2540"]
[BlackElo "2418"]
[PlyCount "67"]
[EventDate "2024.02.04"]
[EventType "swiss (rapid)"]
[EventRounds "11"]
[EventCountry "RUS"]
[SourceTitle "CB07_2024"]
[SourceDate "2024.02.14"]
[SourceVersion "1"]
[SourceVersionDate "2024.02.14"]
[SourceQuality "1"]

1. Nf3 c5 2. e3 Nf6 3. b3 g6 4. Bb2 Bg7 5. c4 0-0 6. Be2 Nc6 7. 0-0 b6 8. d3 Bb7 9. Nbd2 d5 10. cxd5 Nxd5 11. Bxg7 Kxg7 12. Qc1 e5 13. Qb2 Qe7 14. a3 f6 15. Rfc1 Rac8 16. Rc2 Rfd8 17. Rac1 Qe6 18. h3 Ba6 19. Nc4 Rc7 20. Qa1 Bxc4 21. bxc4 Nde7 22. Nd2 Na5 23. Qb2 Rcd7 24. Ne4 f5 25. Nc3 Ng8 26. Rd1 Nf6 27. Rcd2 h5 28. Qc2 g5 29. Bf3 e4 30. dxe4 Rxd2 31. Rxd2 Rxd2 32. Qxd2 fxe4 33. Be2 Nxc4 34. Qa2 1-0

[Event "Ufa Startsev Memorial Blitz"]
[Site "Ufa"]
[Date "2024.02.03"]
[Round "3"]
[White "Vorobiov, Evgeny E"]
[Black "Glidzhain, Gor Mikhailovich"]
[Result "1-0"]
[WhiteElo "2418"]
[BlackElo "2235"]
[PlyCount "83"]
[EventDate "2024.02.03"]
[EventType "swiss (blitz)"]
[EventRounds "13"]
[EventCountry "RUS"]
[SourceTitle "CB07_2024"]
[SourceDate "2024.02.14"]
[SourceVersion "1"]
[SourceVersionDate "2024.02.14"]
[SourceQuality "1"]

1. d4 Nf6 2. c4 e6 3. Nf3 Bb4+ 4. Nbd2 b6 5. a3 Bxd2+ 6. Qxd2 Bb7 7. e3 Ne4 8. Qc2 0-0 9. Be2 c5 10. 0-0 d5 11. cxd5 exd5 12. b3 Nd7 13. Bb2 Rc8 14. dxc5 bxc5 15. Rad1 Qb6 16. Nd2 Nef6 17. e4 d4 18. Nc4 Qe6 19. f3 Rfd8 20. Qd2 Ba6 21. Rc1 Nb6 22. Rfd1 Nxc4 23. Bxc4 Bxc4 24. Rxc4 Nd7 25. Qc2 Rb8 26. b4 cxb4 27. axb4 Ne5 28. Rcxd4 Rdc8 29. Qe2 f6 30. Rd6 Qc4 31. Qf2 Qxb4 32. Bxe5 fxe5 33. h3 Qc5 34. Rd7 Qxf2+ 35. Kxf2 Rb2+ 36. Kg3 Rcc2 37. Rd8+ Kf7 38. R1d7+ Ke6 39. Rd6+ Ke7 40. R8d7+ Ke8 41. Kg4 Rxg2+ 42. Kf5 1-0

[Event "Almaty Academy IM 6th"]
[Site "Almaty"]
[Date "2023.11.19"]
[Round "1"]
[White "Vorobiov, Evgeny E"]
[Black "Hayrapetyan, Arman"]
[Result "1-0"]
[WhiteElo "2402"]
[BlackElo "2383"]
[PlyCount "87"]
[EventDate "2023.11.19"]
[EventType "tourn"]
[EventRounds "9"]
[EventCountry "KAZ"]
[EventCategory "4"]
[SourceTitle "CB48_2023"]
[SourceDate "2023.11.29"]
[SourceVersion "1"]
[SourceVersionDate "2023.11.29"]
[SourceQuality "1"]

1. d4 Nf6 2. c4 e6 3. Nf3 Bb4+ 4. Nbd2 d5 5. Qa4+ Nc6 6. a3 Be7 7. Qc2 0-0 8. e3 Re8 9. b4 Bf8 10. Bb2 a5 11. b5 Ne7 12. c5 Nd7 13. Bd3 f5 14. a4 Ng6 15. Nb3 Qf6 16. 0-0 c6 17. Bc3 Qd8 18. Rac1 Nf6 19. Ne5 Nxe5 20. dxe5 Ne4 21. Bd4 cxb5 22. Bxb5 Bd7 23. Qd3 Bc6 24. f3 Ng5 25. Nd2 Qd7 26. Rb1 Be7 27. Rb2 Rec8 28. Rfb1 Nf7 29. f4 Bd8 30. h3 g6 31. Kh2 h5 32. Bc3 Kg7 33. Nc4 Ra7 34. Nd6 Nxd6 35. exd6+ Bf6 36. Bxf6+ Kxf6 37. Qd4+ Kf7 38. Bxc6 Qxc6 39. Rb6 Qd7 40. R1b5 Rb8 41. c6 Qxd6 42. cxb7 Qd8 43. Qe5 Qe8 44. Rxe6 1-0

[Event "Almaty Academy IM 5th"]
[Site "Almaty"]
[Date "2023.11.16"]
[Round "8"]
[White "Smirnov, Mark1"]
[Black "Vorobiov, Evgeny E"]
[Result "1/2-1/2"]
[WhiteElo "2064"]
[BlackElo "2402"]
[PlyCount "42"]
[EventDate "2023.11.10"]
[EventType "tourn"]
[EventRounds "9"]
[EventCountry "KAZ"]
[SourceTitle "CB47_2023"]
[SourceDate "2023.11.22"]
[SourceVersion "1"]
[SourceVersionDate "2023.11.22"]
[SourceQuality "1"]

1. e4 c5 2. Nf3 e6 3. d4 cxd4 4. Nxd4 Nc6 5. Nc3 Qc7 6. g3 a6 7. Bg2 d6 8. 0-0 Bd7 9. Re1 Be7 10. Nxc6 Bxc6 11. Ne2 e5 12. c4 Nf6 13. Nc3 h6 14. Be3 0-0 15. Rc1 Bd7 16. Qb3 Rac8 17. Nd5 Nxd5 18. cxd5 Qb8 19. Qa3 Rxc1 20. Rxc1 Rc8 21. b4 Rxc1+ 1/2-1/2

[Event "St Petersburg Rapid 2023"]
[Site "St Petersburg"]
[Date "2023.08.27"]
[Round "8"]
[White "Vorobiov, Evgeny E"]
[Black "Kezin, Roman"]
[Result "1/2-1/2"]
[WhiteElo "2411"]
[BlackElo "2507"]
[PlyCount "113"]
[EventDate "2023.08.26"]
[EventType "swiss (rapid)"]
[EventRounds "11"]
[EventCountry "RUS"]
[SourceTitle "EXT 2024"]
[Source "ChessBase"]
[SourceDate "2023.10.10"]
[SourceVersion "1"]
[SourceVersionDate "2023.10.10"]
[SourceQuality "1"]

1. d4 d5 2. c4 e6 3. Nc3 c6 4. e3 Nf6 5. Nf3 Nbd7 6. Bd3 dxc4 7. Bxc4 b5 8. Be2 Bd6 9. 0-0 0-0 10. a3 Bb7 11. e4 e5 12. Bg5 Re8 13. Qc2 exd4 14. Nxd4 Qb8 15. g3 a5 16. Bf3 b4 17. Na4 c5 18. Bxf6 Nxf6 19. e5 Rxe5 20. Nc6 Bxc6 21. Bxc6 Ra6 22. Bf3 Bf8 23. Rae1 Rae6 24. Rxe5 Rxe5 25. Qc4 Qe8 26. Nb6 Re1 27. Nd5 Nd7 28. Bg2 Rxf1+ 29. Kxf1 Qe5 30. Qe2 c4 31. axb4 axb4 32. Qxe5 Nxe5 33. Ne3 Bc5 34. Nd1 Bd4 35. Bd5 c3 36. bxc3 bxc3 37. Be4 g6 38. Ke2 Kg7 39. f4 Ng4 40. h3 Nf6 41. Bc2 Nd5 42. Kd3 Bf6 43. Kc4 Nb6+ 44. Kd3 h5 45. h4 Nd5 46. Kc4 Nb6+ 47. Kd3 Nd5 48. Kc4 Ne7 49. Ne3 Nc8 50. f5 Nd6+ 51. Kc5 Be5 52. fxg6 fxg6 53. g4 Bf4 54. gxh5 Bxe3+ 55. Kxd6 gxh5 56. Ke5 Bf2 57. Ke4 1/2-1/2

[Event "St Petersburg Korchnoi Memorial op"]
[Site "St Petersburg"]
[Date "2023.08.21"]
[Round "6"]
[White "Efimov, Leonid"]
[Black "Vorobiov, Evgeny E"]
[Result "1/2-1/2"]
[WhiteElo "1993"]
[BlackElo "2411"]
[PlyCount "80"]
[EventDate "2023.08.18"]
[EventType "swiss"]
[EventRounds "9"]
[EventCountry "RUS"]
[SourceTitle "EXT 2024"]
[Source "ChessBase"]
[SourceDate "2023.10.10"]
[SourceVersion "1"]
[SourceVersionDate "2023.10.10"]
[SourceQuality "1"]

1. Nf3 Nf6 2. g3 g6 3. b3 Bg7 4. Bb2 c5 5. c4 Nc6 6. Bg2 d6 7. d4 cxd4 8. Nxd4 Bd7 9. Nc3 0-0 10. 0-0 Nxd4 11. Qxd4 Bc6 12. Nd5 Bxd5 13. Bxd5 Nh5 14. Qd2 Bxb2 15. Qxb2 Qc7 16. Rfd1 Rac8 17. Rac1 b6 18. h4 Nf6 19. Qd2 a5 20. Bf3 Qc5 21. Qh6 Qf5 22. Qe3 Qe6 23. Qxb6 Rc5 24. Rd3 Rfc8 25. Rcd1 Kg7 26. R1d2 R8c7 27. Qb8 Rc8 28. Qb7 R8c7 29. Qa8 Rc8 30. Qa7 R8c7 31. Qa6 h5 32. Bg2 Qe5 33. Bf3 Qe6 34. Bg2 Qe5 35. Bf3 Qe6 36. Bg2 Qe5 37. Bf3 Qe6 38. Bg2 Qe5 39. Bf3 Qe6 40. Bg2 Qe5 1/2-1/2

[Event "St Petersburg Korchnoi Memorial op"]
[Site "St Petersburg"]
[Date "2023.08.19"]
[Round "3"]
[White "Naumovich, Yaroslav"]
[Black "Vorobiov, Evgeny E"]
[Result "1/2-1/2"]
[WhiteElo "2082"]
[BlackElo "2411"]
[PlyCount "80"]
[EventDate "2023.08.18"]
[EventType "swiss"]
[EventRounds "9"]
[EventCountry "RUS"]
[SourceTitle "EXT 2024"]
[Source "ChessBase"]
[SourceDate "2023.10.10"]
[SourceVersion "1"]
[SourceVersionDate "2023.10.10"]
[SourceQuality "1"]

1. d4 d5 2. c4 dxc4 3. e4 e5 4. Nf3 Bb4+ 5. Bd2 Bxd2+ 6. Qxd2 exd4 7. Qxd4 Nf6 8. Qxd8+ Kxd8 9. Nc3 Be6 10. Ng5 Ke7 11. Nxe6 fxe6 12. Bxc4 Nc6 13. f4 Rad8 14. e5 Ng4 15. Be2 Ne3 16. Kf2 Nd5 17. Nxd5+ Rxd5 18. Bf3 Rd2+ 19. Ke3 Rxb2 20. Rhb1 Rb6 21. Rc1 Rd8 22. Rc2 Rd7 23. Bxc6 bxc6 24. Rac1 Ra6 25. Rxc6 Rxa2 26. Rxc7 Rxg2 27. Rxd7+ Kxd7 28. Ra1 h6 29. Rxa7+ Ke8 30. h4 Kf8 31. h5 Rg1 32. Ra6 Ke7 33. Ra7+ Kf8 34. Ra6 Ke7 35. Ra7+ Kf8 36. Ra6 Ke7 37. Ra7+ Kf8 38. Ra6 Ke7 39. Ra7+ Kf8 40. Ra6 Ke7 1/2-1/2

[Event "Bhubaneswar op-A 14th"]
[Site "Bhubaneswar"]
[Date "2023.06.17"]
[Round "9"]
[White "Vorobiov, Evgeny E"]
[Black "Subrota, Biswas"]
[Result "1-0"]
[WhiteElo "2454"]
[BlackElo "2222"]
[PlyCount "75"]
[EventDate "2023.06.11"]
[EventType "swiss"]
[EventRounds "10"]
[EventCountry "IND"]
[SourceTitle "CBM 214 Extra"]
[Source "ChessBase"]
[SourceDate "2023.07.31"]
[SourceVersion "1"]
[SourceVersionDate "2023.07.31"]
[SourceQuality "1"]

1. c4 c6 2. Nf3 d5 3. e3 Nf6 4. Nc3 e6 5. b3 Bd6 6. Bb2 0-0 7. Rc1 a6 8. d4 Nbd7 9. Bd3 e5 10. cxd5 cxd5 11. dxe5 Nxe5 12. Be2 Nxf3+ 13. Bxf3 Be5 14. 0-0 Qd6 15. h3 Be6 16. Rc2 Rac8 17. Qa1 Rc7 18. Rd2 Qb4 19. a3 Qxb3 20. Nxd5 Bxd5 21. Bxe5 Bxf3 22. Bxc7 Bc6 23. Qd4 Ne4 24. Rb2 Qe6 25. f3 Nf6 26. Be5 Ne8 27. e4 f6 28. Bg3 Rf7 29. Rd2 Qb3 30. Qd3 Qe6 31. Qc3 h6 32. Rc1 f5 33. exf5 Qxf5 34. Kh2 Rf6 35. Re1 Rg6 36. Qe5 Qc8 37. Qe7 Kh7 38. Rd8 1-0

[Event "Bhubaneswar op-A 14th"]
[Site "Bhubaneswar"]
[Date "2023.06.12"]
[Round "2"]
[White "Majumder, Shrayan"]
[Black "Vorobiov, Evgeny E"]
[Result "0-1"]
[WhiteElo "1843"]
[BlackElo "2454"]
[PlyCount "66"]
[EventDate "2023.06.11"]
[EventType "swiss"]
[EventRounds "10"]
[EventCountry "IND"]
[SourceTitle "CBM 214 Extra"]
[Source "ChessBase"]
[SourceDate "2023.07.31"]
[SourceVersion "1"]
[SourceVersionDate "2023.07.31"]
[SourceQuality "1"]

1. d4 Nf6 2. c4 g6 3. Nc3 Bg7 4. Nf3 0-0 5. Bg5 h6 6. Bh4 c5 7. e3 d6 8. Be2 g5 9. Bg3 Nh5 10. d5 f5 11. Nd2 Nxg3 12. hxg3 Na6 13. Rc1 Nc7 14. Bd3 e6 15. dxe6 Bxe6 16. 0-0 Qe7 17. Qc2 Rad8 18. Rcd1 Qf7 19. b3 b6 20. Be2 Qf6 21. Ndb1 f4 22. gxf4 gxf4 23. exf4 Qxf4 24. Qd2 Qh4 25. Bd3 d5 26. cxd5 Nxd5 27. g3 Qh3 28. Rfe1 Bd4 29. Ne4 Rf3 30. Bf1 Rxg3+ 31. Nxg3 Qxg3+ 32. Kh1 Qh4+ 33. Kg1 Rf8 0-1

[Event "Maharashtra op 2nd"]
[Site "Nagpur"]
[Date "2023.06.09"]
[Round "11"]
[White "Ritviz, Parab"]
[Black "Vorobiov, Evgeny E"]
[Result "1-0"]
[WhiteElo "2340"]
[BlackElo "2483"]
[PlyCount "97"]
[EventDate "2023.06.01"]
[EventType "swiss"]
[EventRounds "11"]
[EventCountry "IND"]
[SourceTitle "CBM 214 Extra"]
[Source "ChessBase"]
[SourceDate "2023.07.31"]
[SourceVersion "1"]
[SourceVersionDate "2023.07.31"]
[SourceQuality "1"]

1. e4 c6 2. d4 d5 3. Nc3 dxe4 4. Nxe4 Bf5 5. Ng3 Bg6 6. h4 h6 7. Nf3 e6 8. Ne5 Bh7 9. Bd3 Bxd3 10. Qxd3 Nd7 11. f4 Bb4+ 12. c3 Be7 13. h5 Ngf6 14. Qe2 0-0 15. Be3 Qa5 16. 0-0 Rfe8 17. a3 Rad8 18. b4 Qc7 19. Rae1 b5 20. Bd2 Bd6 21. Ne4 Nxe4 22. Qxe4 f5 23. Qf3 Nf6 24. Nxc6 Rc8 25. Na5 Qf7 26. Rc1 Nxh5 27. c4 Nf6 28. cxb5 Ne4 29. Be3 g5 30. Qh3 Kg7 31. Nc6 g4 32. Qh4 Rc7 33. Ne5 Bxe5 34. fxe5 h5 35. d5 Rxc1 36. Rxc1 f4 37. Rf1 exd5 38. Rxf4 Qg6 39. Bd4 Kh6 40. e6 Qxe6 41. Qe1 Kg6 42. Bb6 Qe5 43. Qe3 Rc8 44. Bd4 Qe8 45. b6 Qc6 46. Rf1 Re8 47. Qf4 Qd7 48. Rc1 Re6 49. Rc7 1-0

[Event "Cheliabinsk Lozovatsky Memorial-A"]
[Site "Cheliabinsk"]
[Date "2023.02.01"]
[Round "6"]
[White "Vorobiov, Evgeny E"]
[Black "Tsydypov, Zhamsaran"]
[Result "1/2-1/2"]
[WhiteElo "2472"]
[BlackElo "2535"]
[PlyCount "82"]
[EventDate "2023.01.27"]
[EventType "swiss"]
[EventRounds "10"]
[EventCountry "RUS"]
[SourceTitle "CBM 212 Extra"]
[Source "ChessBase"]
[SourceDate "2023.03.31"]
[SourceVersion "1"]
[SourceVersionDate "2023.03.31"]
[SourceQuality "1"]

1. d4 g6 2. c4 Bg7 3. Nc3 d6 4. e4 Nf6 5. Be2 0-0 6. Nf3 e5 7. 0-0 h6 8. dxe5 dxe5 9. Be3 Nbd7 10. Qc1 Ng4 11. Bd2 Kh7 12. Ng5+ hxg5 13. Bxg4 f6 14. Be3 c6 15. Rd1 Qe8 16. Qc2 Qf7 17. Qd3 Rd8 18. Qd6 Nb6 19. Qxd8 Bxg4 20. Qd3 Bxd1 21. Bxb6 Bg4 22. Be3 Be6 23. b3 g4 24. Na4 b6 25. Rd1 Bf8 26. Nc3 f5 27. Bg5 f4 28. Ne2 Bc5 29. Qc3 f3 30. Ng3 Bd4 31. Rxd4 exd4 32. Qxd4 Qd7 33. Qf6 Re8 34. h4 Qg7 35. Qf4 Qa1+ 36. Kh2 Qxa2 37. Nh5 gxh5 38. Qf6 Qxf2 39. Qh6+ Kg8 40. Qg6+ Kf8 41. Qf6+ Kg8 1/2-1/2

[Event "Cheliabinsk Lozovatsky Memorial-A"]
[Site "Cheliabinsk"]
[Date "2023.01.29"]
[Round "3"]
[White "Zhakshylykov, Erzhan"]
[Black "Vorobiov, Evgeny E"]
[Result "0-1"]
[WhiteElo "2279"]
[BlackElo "2472"]
[PlyCount "66"]
[EventDate "2023.01.27"]
[EventType "swiss"]
[EventRounds "10"]
[EventCountry "RUS"]
[SourceTitle "CBM 212 Extra"]
[Source "ChessBase"]
[SourceDate "2023.03.31"]
[SourceVersion "1"]
[SourceVersionDate "2023.03.31"]
[SourceQuality "1"]

1. d4 Nf6 2. c4 e6 3. Nc3 Bb4 4. e3 c5 5. Bd3 Nc6 6. Nge2 Bxc3+ 7. bxc3 d6 8. f4 e5 9. fxe5 dxe5 10. 0-0 0-0 11. Ba3 b6 12. dxc5 Re8 13. Ng3 Be6 14. Ne4 Nxe4 15. Bxe4 Na5 16. cxb6 axb6 17. Bxa8 Qxa8 18. Bb4 Nxc4 19. Qf3 Bd5 20. Qe2 Qc6 21. Rad1 h6 22. Rf2 Be4 23. Rdf1 f6 24. Qh5 Kh7 25. Rxf6 Qa4 26. R6f2 Re6 27. Qh4 Qc6 28. Re1 Rg6 29. Qh3 Qd5 30. Be7 Qd3 31. Bb4 Bd5 32. Kh1 Nd2 33. Rd1 Ne4 0-1

[Event "RUS Cup final"]
[Site "Khanty-Mansiysk"]
[Date "2022.12.06"]
[Round "1.4"]
[White "Vorobiov, Evgeny E"]
[Black "Petrov, Nikita"]
[Result "1/2-1/2"]
[WhiteElo "2470"]
[BlackElo "2537"]
[PlyCount "60"]
[EventDate "2022.12.05"]
[EventType "k.o."]
[EventRounds "4"]
[EventCountry "RUS"]
[SourceTitle "CBM 211 Extra"]
[Source "ChessBase"]
[SourceDate "2023.01.31"]
[SourceVersion "1"]
[SourceVersionDate "2023.01.31"]
[SourceQuality "1"]

1. d4 Nf6 2. c4 e6 3. g3 Bb4+ 4. Bd2 Be7 5. Nf3 d5 6. Bg2 0-0 7. 0-0 Nbd7 8. Qc2 c6 9. Bf4 a5 10. Nbd2 Nh5 11. Be3 h6 12. Nb3 Nhf6 13. Nc1 b6 14. Nd3 Ba6 15. Nfe5 Rc8 16. b3 Nxe5 17. dxe5 Nd7 18. Rad1 Qc7 19. f4 a4 20. Rc1 Qb8 21. Qb2 a3 22. Qc3 Bb7 23. f5 exf5 24. Rxf5 Nc5 25. Bxc5 Bxc5+ 26. Nxc5 bxc5 27. Rcf1 Rce8 28. cxd5 cxd5 29. Qxc5 Rxe5 30. e4 Rxf5 1/2-1/2